000 00625cam a2200205Ia 4500
020 _a0060158883 :
040 _cCNB
082 _a616 HAR 1989 A044 Or.
100 1 0 _aRandolph, Theron G
245 1 3 _aAn alternative approach to allergies :
_bthe new field of clinical ecology unravels the environmental causes of mental and physical ills /
250 _aRev. ed
260 0 _aNew York, N.Y. :
_bHarper & Row,
_cc1989
300 _aviii, 337 p. ;
_c25 cm
500 _aIncludes index
650 0 _aAllergy
650 0 _aAllergy
650 0 _aEnvironmentally induced diseases
700 1 0 _aMoss, Ralph W
942 _cEK
999 _c12948
_d12948